| 000 | 00430cam a2200157 i 4500 | ||
|---|---|---|---|
| 005 | 20260226135117.0 | ||
| 008 | 250721s9999 jo gr 000 0 eng d | ||
| 082 | 1 | 4 |
_a338.9565 _bJ O R |
| 245 | 0 | 0 |
_aBest Of Jordan / _ceditor mirna khwala. |
| 264 | 3 | 1 |
_aد.م : _bSbde lhadi, _c[200-]. |
| 300 | _aVol.2. | ||
| 650 | 1 | 7 | _aJORDAN. |
| 650 | 1 | 7 | _aECONOMIC AND SOCIAL DEVELOPMENT |
| 942 |
_2ddc _cBK |
||
| 999 |
_c118198 _d118198 |
||